[Event "25th Czech Open A 2014"]
[Site "Pardubice CZE"]
[Date "2014.07.26"]
[Round "9.48"]
[White "Spalir, Jernej"]
[Black "Sergeyev, Alexander"]
[Result "0-1"]
[WhiteTitle "FM"]
[BlackTitle "FM"]
[WhiteElo "2289"]
[BlackElo "2389"]
[WhiteFideId "14606518"]
[BlackFideId "13702076"]
[EventDate "2014.07.18"]

1. d4 d5 2. c4 c6 3. Nc3 Nf6 4. Nf3 dxc4 5. a4 e6 6. e3 c5 7. Bxc4 Nc6 8. O-O
Be7 9. Ne5 O-O 10. Nxc6 bxc6 11. dxc5 Bxc5 12. Qe2 e5 13. Qf3 Qe7 14. e4 Rb8 15.
b3 Be6 16. Nd1 Bg4 17. Qd3 Rfd8 18. Qc2 Bxd1 19. Rxd1 Rxd1+ 20. Qxd1 Nxe4 21.
Be3 Bxe3 22. fxe3 Nd6 23. Rc1 Qg5 24. Qf3 Nxc4 25. Rxc4 Rxb3 26. Rxc6 g6 27.
Rc8+ Kg7 28. Rc7 Rb1+ 29. Kf2 Qh4+ 30. Qg3 Rb2+ 31. Kg1 Rb1+ 32. Kf2 Qe4 33. Qf3
Qh4+ 34. Qg3 Rb2+ 35. Kg1 Qe4 36. h3 Re2 37. Rxa7 Qxe3+ 38. Qxe3 Rxe3 39. a5 Ra3
40. a6 Ra2 41. Ra8 Kf6 42. Ra7 h5 43. g4 hxg4 44. hxg4 g5 45. Ra8 Ra4 46. a7
Rxg4+ 0-1

[Event "25th Czech Open A 2014"]
[Site "Pardubice CZE"]
[Date "2014.07.26"]
[Round "9.49"]
[White "Jasny, Stanislav"]
[Black "Marusenko, Petr"]
[Result "1-0"]
[WhiteTitle "IM"]
[BlackTitle "IM"]
[WhiteElo "2385"]
[BlackElo "2207"]
[WhiteFideId "311030"]
[BlackFideId "14100606"]
[EventDate "2014.07.18"]

1. e4 c6 2. d4 d5 3. e5 c5 4. Nf3 Nc6 5. c4 cxd4 6. Nxd4 e6 7. Nc3 Bb4 8. Nxc6
bxc6 9. Bd3 d4 10. a3 Ba5 11. b4 dxc3 12. bxa5 Qxa5 13. O-O Qxe5 14. Qf3 Ne7 15.
Bf4 Qf6 16. Qe4 Bd7 17. Be5 Qh6 18. Bxc3 Nf5 19. Bb4 Qh4 20. f4 Rc8 21. Bc5 Qh5
22. Rfe1 Nh4 23. Qd4 f6 24. Qd6 Qf7 25. Rab1 Ng6 26. Bxg6 hxg6 27. Rb7 Rh5 28.
Rxd7 Qxd7 29. Qf8# 1-0

[Event "25th Czech Open A 2014"]
[Site "Pardubice CZE"]
[Date "2014.07.26"]
[Round "9.50"]
[White "Aulia, Medina Warda"]
[Black "Raghavi, N."]
[Result "1-0"]
[WhiteTitle "WGM"]
[BlackTitle "WIM"]
[WhiteElo "2382"]
[BlackElo "2227"]
[WhiteFideId "7101570"]
[BlackFideId "5017173"]
[EventDate "2014.07.18"]

1. e4 c5 2. Nf3 Nc6 3. d4 cxd4 4. Nxd4 e5 5. Nb5 d6 6. N1c3 a6 7. Na3 Be7 8. Nc4
b5 9. Ne3 Nf6 10. Ned5 Nxd5 11. Nxd5 O-O 12. a4 b4 13. Be3 Be6 14. a5 Qb8 15.
Nb6 Ra7 16. Nd5 Ra8 17. Nxe7+ Nxe7 18. Bd3 Qb7 19. O-O d5 20. exd5 Nxd5 21. Bd2
Ne7 22. Ra4 b3 23. Qe2 Nc6 24. Bc3 Rfe8 25. Qf3 Rac8 26. cxb3 Rc7 27. Rh4 g6 28.
Qf6 Bxb3 29. Be4 Re6 30. Qg5 Qb5 31. Re1 Nd4 32. Qd8+ 1-0

[Event "25th Czech Open A 2014"]
[Site "Pardubice CZE"]
[Date "2014.07.26"]
[Round "9.51"]
[White "Repka, Christopher"]
[Black "Pulpan, Jakub"]
[Result "1-0"]
[WhiteElo "2380"]
[BlackElo "2218"]
[WhiteFideId "14918781"]
[BlackFideId "302759"]
[EventDate "2014.07.18"]

1. d4 Nf6 2. Nf3 e6 3. c4 b6 4. Nc3 Bb7 5. Bg5 Be7 6. Bxf6 Bxf6 7. e4 d6 8. Be2
c5 9. e5 Be7 10. dxc5 dxc5 11. Qc2 a6 12. Rd1 Qc7 13. Ne4 Bxe4 14. Qxe4 Nc6 15.
h4 Rd8 16. h5 Rxd1+ 17. Bxd1 Kd8 18. O-O Kc8 19. Ba4 Nb8 20. Re1 g6 21. Qf4 f5
22. Ng5 Bxg5 23. Qxg5 Qf7 24. Qf6 Rf8 25. hxg6 hxg6 26. Qxf7 Rxf7 27. Rd1 Kc7
28. Rd6 Re7 29. f4 Kb7 30. Kf2 Kc7 31. Kg3 Kb7 32. Kh4 Rh7+ 33. Kg5 Rh2 34. Be8
Rxg2+ 35. Kf6 Rg4 36. Rxe6 Rxf4 37. Re7+ Kc8 38. e6 Rxc4 39. Ra7 f4 40. e7 f3
41. Bxg6 1-0

[Event "25th Czech Open A 2014"]
[Site "Pardubice CZE"]
[Date "2014.07.26"]
[Round "9.52"]
[White "Sochacki, Wojtek"]
[Black "Garcia Roman, Daniel"]
[Result "1/2-1/2"]
[WhiteTitle "FM"]
[BlackTitle "IM"]
[WhiteElo "2281"]
[BlackElo "2379"]
[WhiteFideId "651389"]
[BlackFideId "2215870"]
[EventDate "2014.07.18"]

1. d4 e6 2. c4 Nf6 3. g3 Bb4+ 4. Bd2 c5 5. Bxb4 cxb4 6. Bg2 O-O 7. e4 d6 8. Ne2
e5 9. O-O Nc6 10. a3 bxa3 11. Nxa3 Qb6 12. d5 Nb4 13. Qd2 a5 14. c5 Qxc5 15.
Rfc1 Qa7 16. Nc4 Ng4 17. Nc3 Qc5 18. Na4 Qxf2+ 19. Qxf2 Nxf2 20. Ncb6 Nh3+ 21.
Bxh3 Bxh3 22. Nxa8 Rxa8 23. Rc7 b5 24. Nc3 Nc2 25. Rc1 Nd4 26. Kf2 f5 27. exf5
Bxf5 28. g4 Bxg4 29. Rg1 Rf8+ 30. Ke3 h5 31. Ne4 Rf3+ 32. Kd2 Rf4 33. Ng5 Rf2+
34. Ke1 Rf5 35. Rc8+ Rf8 36. Rxf8+ Kxf8 37. Rf1+ Ke8 38. Rf7 g6 39. Ra7 Bf5 40.
Nf7 a4 41. Nxd6+ Kd8 42. Nf7+ Kc8 43. Nxe5 Kb8 44. Re7 b4 45. Nc6+ Nxc6 46. dxc6
a3 47. Rb7+ Kc8 48. Rxb4 axb2 49. Rxb2 Kc7 50. h4 Kxc6 51. Rd2 Kc7 52. Kf2 Kc6
53. Ke3 Kc7 54. Kf4 Kc6 55. Ke5 Kc7 56. Rd1 Kc6 57. Ra1 Kd7 58. Ra7+ Kc6 59. Rf7
Bb1 60. Rf6+ Kd7 61. Rd6+ Ke7 62. Rb6 Bf5 63. Rb7+ Kf8 64. Kf6 Kg8 65. Kg5 Be4
66. Rb4 Bf5 67. Kh6 Kf7 68. Rb7+ Kf6 69. Rb8 Kf7 70. Rb2 Kf6 71. Rf2 Kf7 72. Kg5
Kg7 73. Ra2 Kf7 74. Ra6 Kg7 75. Ra7+ Kf8 76. Kh6 Kg8 77. Rg7+ Kf8 78. Rxg6 Bxg6
79. Kxg6 Kg8 80. Kxh5 Kh8 81. Kh6 Kg8 82. h5 Kh8 83. Kg6 Kg8 84. h6 Kh8 85. h7 1/2-1/2

[Event "25th Czech Open A 2014"]
[Site "Pardubice CZE"]
[Date "2014.07.26"]
[Round "9.53"]
[White "Vlasak, Lukas"]
[Black "Eliseev, Evgeniy"]
[Result "1-0"]
[WhiteTitle "FM"]
[WhiteElo "2375"]
[BlackElo "2140"]
[WhiteFideId "324752"]
[BlackFideId "14139642"]
[EventDate "2014.07.18"]

1. Nf3 Nf6 2. g3 d5 3. Bg2 c5 4. O-O Nc6 5. d3 Bg4 6. Nbd2 e6 7. e4 Be7 8. h3
Bxf3 9. Bxf3 O-O 10. Bg2 dxe4 11. Nxe4 Nxe4 12. Bxe4 Qd7 13. Bd2 Rad8 14. Kh2 f5
15. Bxc6 Qxc6 16. Qe2 Bf6 17. Bc3 Bxc3 18. bxc3 Rfe8 19. f4 Qd5 20. c4 Qd4 21.
Qe5 Qxe5 22. fxe5 Rd7 23. Rab1 Rc7 24. Rb5 Ree7 25. Kg2 Red7 26. Kf3 Kf7 27. Ke3
Ke7 28. c3 Kd8 29. Rfb1 g6 30. Ra5 a6 31. Rb6 Ke7 32. Ra3 Rd8 33. Rab3 Rdd7 34.
Rb1 h6 35. Rc1 Rd8 36. Rc2 Rcd7 37. Rd2 Rc8 38. Rdb2 Rcc7 39. Rb1 Kf7 40. Rc1
Rd8 41. d4 Ke7 42. Rc2 Rdd7 43. Kd3 Rc6 44. Rcb2 Rxb6 45. Rxb6 g5 46. Ke3 cxd4+
47. cxd4 Rc7 48. Kd3 Rd7 49. a4 h5 50. a5 h4 51. gxh4 gxh4 52. Ke3 Rc7 53. d5
Rxc4 54. Rxe6+ Kd7 55. Kd3 Re4 56. Kc3 Re1 57. Rd6+ Kc7 58. Kd4 Rd1+ 59. Ke3 Ra1
60. Rf6 Rxa5 61. d6+ Kc6 62. Kf4 Rd5 63. Kxf5 b5 64. Ke6 Rd3 65. Ke7 Rd5 66. d7+
Kc7 67. Rd6 Rxe5+ 68. Kf6 Kxd6 69. d8=Q+ Kc5 70. Kxe5 Kb4 71. Kd4 a5 72. Qd6+
Kb3 73. Qc5 Ka4 74. Kc3 b4+ 75. Kb2 1-0

[Event "25th Czech Open A 2014"]
[Site "Pardubice CZE"]
[Date "2014.07.26"]
[Round "9.54"]
[White "Lobanov, Sergei"]
[Black "Seger, Ruediger"]
[Result "1/2-1/2"]
[BlackTitle "IM"]
[WhiteElo "2277"]
[BlackElo "2374"]
[WhiteFideId "24183750"]
[BlackFideId "4617274"]
[EventDate "2014.07.18"]

1. e4 c6 2. d4 d5 3. exd5 cxd5 4. Bd3 Nc6 5. c3 Qc7 6. h3 g6 7. Nf3 Bf5 8. Bxf5
gxf5 9. O-O Nf6 10. c4 dxc4 11. Nc3 O-O-O 12. Qa4 a6 13. Qxc4 e6 14. Bg5 Be7 15.
Rac1 Rhg8 16. Bxf6 Bxf6 17. d5 Ne5 18. Qxc7+ Kxc7 19. Nxe5 Bxe5 20. dxe6 fxe6
21. Rfe1 Bxc3 22. Rxc3+ Kd6 23. Rd1+ Ke5 24. Re1+ Kd6 25. Rd1+ Ke5 26. Re1+ 1/2-1/2

[Event "25th Czech Open A 2014"]
[Site "Pardubice CZE"]
[Date "2014.07.26"]
[Round "9.55"]
[White "Furman, Boris"]
[Black "Kourousis, Epaminondas"]
[Result "0-1"]
[WhiteTitle "FM"]
[WhiteElo "2225"]
[BlackElo "2364"]
[WhiteFideId "4107187"]
[BlackFideId "4211626"]
[EventDate "2014.07.18"]

1. d4 Nf6 2. c4 e6 3. Nc3 Bb4 4. Nf3 b6 5. Bg5 h6 6. Bh4 g5 7. Bg3 Ne4 8. Qc2
Bb7 9. e3 Bxc3+ 10. bxc3 d6 11. Bd3 f5 12. d5 Na6 13. Nd4 Nac5 14. O-O Qe7 15.
f3 Nxd3 16. fxe4 Nc5 17. e5 O-O 18. exd6 cxd6 19. Rad1 Rf6 20. Qe2 Ne4 21. Be1
Raf8 22. dxe6 Bc8 23. Nc6 Qxe6 24. Nxa7 Bb7 25. Nb5 f4 26. Nc7 f3 27. gxf3 Qd7
28. Nd5 Rxf3 29. Rxf3 Qg4+ 30. Qg2 Qxf3 31. Qxf3 Rxf3 32. Kg2 g4 33. Bg3 Nxg3
34. hxg3 Rxe3 35. Rb1 Rd3 36. Rxb6 Bxd5+ 37. cxd5 Rxd5 38. a4 Kf7 39. c4 Rd2+
40. Kg1 Ke7 41. c5 dxc5 42. Rxh6 Kd7 43. Kf1 c4 44. Ke1 Rd3 45. Kf2 c3 46. Rh7+
Kc6 47. Rh8 Kb7 48. Rh7+ Kb6 49. Rh6+ Ka5 50. Rg6 Kxa4 51. Rxg4+ Kb3 52. Ke2
Rd2+ 53. Ke1 Rd8 54. Rg7 Rd3 55. Rg4 c2 56. Ke2 Rd8 0-1

[Event "25th Czech Open A 2014"]
[Site "Pardubice CZE"]
[Date "2014.07.26"]
[Round "9.56"]
[White "Shuvalova, Polina"]
[Black "Gorbatov, Alexej"]
[Result "1-0"]
[WhiteTitle "WFM"]
[BlackTitle "IM"]
[WhiteElo "2108"]
[BlackElo "2358"]
[WhiteFideId "24171760"]
[BlackFideId "4111834"]
[EventDate "2014.07.18"]

1. e4 e5 2. Nf3 Nc6 3. Nc3 Nf6 4. Bb5 Bb4 5. O-O Bxc3 6. bxc3 O-O 7. Re1 d6 8.
d4 Bd7 9. Bg5 Qe7 10. Rb1 Rfd8 11. d5 Na5 12. Bxd7 Rxd7 13. Nh4 h6 14. Nf5 hxg5
15. Nxe7+ Rxe7 16. Rb5 b6 17. Rxa5 bxa5 18. Qb1 c6 19. dxc6 Rc7 20. Qb5 g4 21.
Rd1 Nxe4 22. Qxa5 Rac8 23. Qb4 f5 24. f3 gxf3 25. gxf3 Ng5 26. Qc4+ Kf8 27. Rxd6
Nxf3+ 28. Kg2 Ng5 29. Rd7 Rxc6 30. Qh4 Ke8 31. Rxa7 R8c7 32. Rxc7 Rxc7 33. Qxg5
Rf7 34. a4 Kd7 35. Qg6 Re7 36. Qxf5+ Kd6 37. Qf8 1-0

[Event "25th Czech Open A 2014"]
[Site "Pardubice CZE"]
[Date "2014.07.26"]
[Round "9.57"]
[White "Shevchenko, Kirill"]
[Black "Nun, Jiri"]
[Result "1/2-1/2"]
[WhiteTitle "CM"]
[BlackTitle "IM"]
[WhiteElo "2100"]
[BlackElo "2351"]
[WhiteFideId "14129574"]
[BlackFideId "300179"]
[EventDate "2014.07.18"]

1. e4 c6 2. d4 g6 3. Nc3 d5 4. e5 Bg7 5. f4 h5 6. Nf3 Nh6 7. Be3 Bg4 8. h3 Bxf3
9. Qxf3 h4 10. Bd3 e6 11. Bf2 Bf8 12. O-O Nf5 13. Ne2 Qb6 14. b3 a5 15. c4 Na6
16. a3 Qd8 17. cxd5 exd5 18. Qg4 Qd7 19. Nc3 Nc7 20. Na4 Qe6 21. Nc3 Be7 22. Nd1
Kf8 23. Re1 Ne8 24. Ne3 Neg7 25. Nxf5 Nxf5 26. a4 Bb4 27. Rec1 1/2-1/2

[Event "25th Czech Open A 2014"]
[Site "Pardubice CZE"]
[Date "2014.07.26"]
[Round "9.58"]
[White "Sergeev, Vladimir"]
[Black "Zhylkaidarova, Sholpan"]
[Result "1-0"]
[WhiteTitle "GM"]
[WhiteElo "2447"]
[BlackElo "2069"]
[WhiteFideId "14101076"]
[BlackFideId "13700138"]
[EventDate "2014.07.18"]

1. Nf3 Nf6 2. g3 d5 3. Bg2 g6 4. c4 d4 5. b4 a5 6. Bb2 Bg7 7. Nxd4 axb4 8. Nb3
O-O 9. O-O Be6 10. d3 Qc8 11. Nc5 Ra7 12. Qb3 Bh3 13. Qxb4 b6 14. Nb3 h5 15. Qd2
h4 16. Nc3 Bxg2 17. Kxg2 h3+ 18. Kg1 Nbd7 19. Nd4 Qb7 20. e4 Nc5 21. Nb3 Ne6 22.
Qe2 Rd8 23. Rfd1 c5 24. f4 Qc6 25. Nd5 Rda8 26. Rf1 Nf8 27. f5 Nxd5 28. exd5 Qd6
29. Bxg7 Kxg7 30. Rf2 Qf6 31. Qf1 g5 32. Qxh3 Ra3 33. Raf1 Rxa2 34. Nd2 Qd4 35.
Nf3 Qe3 36. Qg4 Rxf2 37. Rxf2 f6 38. Kg2 Ra1 39. Qe4 Qxe4 40. dxe4 Rc1 41. e5 g4
42. exf6+ Kxf6 43. Nd2 Nd7 44. Ne4+ Ke5 45. Nd2 Kf6 46. h3 Ne5 47. Ne4+ Kf7 48.
hxg4 Nxc4 49. Re2 Rc2 50. Rxc2 Ne3+ 51. Kf3 Nxc2 52. g5 Nd4+ 53. Kf4 c4 54. g6+
Kg7 55. Ke5 Nf3+ 56. Kf4 Nd4 57. g4 b5 58. Ke5 Nf3+ 59. Ke6 Ng5+ 60. Nxg5 c3 61.
Kxe7 c2 62. Ne6+ Kh6 63. g7 c1=Q 64. g8=Q Qa3+ 65. d6 1-0

[Event "25th Czech Open A 2014"]
[Site "Pardubice CZE"]
[Date "2014.07.26"]
[Round "9.59"]
[White "Yuffa, Daniil"]
[Black "Bartos, Jan"]
[Result "1-0"]
[WhiteTitle "IM"]
[BlackTitle "FM"]
[WhiteElo "2447"]
[BlackElo "2243"]
[WhiteFideId "24131423"]
[BlackFideId "315060"]
[EventDate "2014.07.18"]

1. d4 d5 2. c4 c6 3. Nf3 Nf6 4. e3 Bf5 5. Nc3 a6 6. Qb3 Ra7 7. a4 e6 8. Nh4 Be4
9. f3 dxc4 10. Bxc4 Bd5 11. g3 Bxc4 12. Qxc4 Nbd7 13. e4 c5 14. d5 Nb6 15. Qe2
exd5 16. a5 Nc8 17. exd5+ Be7 18. O-O O-O 19. Nf5 Re8 20. Nxe7+ Nxe7 21. Qc4
Nexd5 22. Rd1 b5 23. axb6 Nxb6 24. Qxc5 Rd7 25. Rf1 Nbd5 26. Nxd5 Rxd5 27. Qa7
a5 28. Bf4 h6 29. Rac1 Rd7 30. Qc5 Nd5 31. Bd2 Nb4 32. Bxb4 axb4 33. Qxb4 Re2
34. Rce1 Rd4 35. Qb5 Rxe1 36. Rxe1 Qf6 37. Kg2 g5 38. Re2 Kg7 39. Qb3 h5 40. Qc3
g4 41. Kf2 Qxf3+ 42. Qxf3 gxf3 43. Kxf3 Rd3+ 44. Ke4 Rb3 45. Kd4 h4 46. Kc4 Rf3
47. gxh4 Rf4+ 48. Kc5 Rf5+ 49. Kd4 Rf4+ 50. Re4 Rf2 51. Kc3 f5 52. Rc4 Rxh2 53.
b4 Rh3+ 54. Kc2 Rh2+ 55. Kb3 Rh3+ 56. Ka4 Kf6 57. b5 Rh1 58. b6 1-0

[Event "25th Czech Open A 2014"]
[Site "Pardubice CZE"]
[Date "2014.07.26"]
[Round "9.60"]
[White "Gruenter, Martin"]
[Black "Westerberg, Jonathan"]
[Result "1/2-1/2"]
[BlackTitle "FM"]
[WhiteElo "2249"]
[BlackElo "2412"]
[WhiteFideId "24640352"]
[BlackFideId "1701754"]
[EventDate "2014.07.18"]

1. e4 c5 2. c3 Nf6 3. e5 Nd5 4. d4 cxd4 5. Nf3 Nc6 6. Bc4 Nb6 7. Bb3 d5 8. exd6
Qxd6 9. O-O Be6 10. Na3 dxc3 11. Qe2 Bxb3 12. Nb5 Qb8 13. axb3 e5 14. Nfd4 Nxd4
15. Nxd4 f6 16. bxc3 Kf7 17. Nb5 a6 18. Be3 axb5 19. Bxb6 Rxa1 20. Rxa1 Qe8 21.
Ra5 b4 22. c4 Qc6 23. Rb5 Be7 24. Ba5 Ra8 25. h3 g6 26. Bxb4 Bxb4 27. Rxb4 Rd8
28. Qa2 e4 29. c5 Rd1+ 30. Kh2 Rd7 31. Rb6 Qd5 32. Qb2 Qf5 33. Qc1 Qxf2 34. Qc4+
Kg7 35. Qxe4 Qxc5 36. Rxb7 Qd6+ 37. Kg1 Qd1+ 38. Kh2 Qd6+ 39. Kg1 Qd1+ 40. Kh2
Qd6+ 1/2-1/2

[Event "25th Czech Open A 2014"]
[Site "Pardubice CZE"]
[Date "2014.07.26"]
[Round "9.61"]
[White "Kubik, Michael"]
[Black "Feher, Adam"]
[Result "0-1"]
[WhiteElo "2238"]
[BlackElo "2398"]
[WhiteFideId "344320"]
[BlackFideId "739081"]
[EventDate "2014.07.18"]

1. e4 e5 2. Nf3 Nc6 3. d4 exd4 4. Nxd4 Nf6 5. Nxc6 bxc6 6. e5 Qe7 7. Qe2 Nd5 8.
c4 Nb6 9. Nc3 Qe6 10. Qe4 g6 11. Bf4 Bb4 12. Bd2 O-O 13. Bd3 d6 14. a3 Bxc3 15.
Bxc3 Na4 16. O-O Nxc3 17. bxc3 dxe5 18. Rfe1 Qd6 19. c5 Qxc5 20. Qxe5 Qd6 21.
Bc4 Bf5 22. a4 a5 23. h4 Rfe8 24. Qxe8+ Rxe8 25. Rxe8+ Kg7 26. Rae1 Qc5 27. Ba2
Qa3 28. Bb1 Be6 29. Ra8 Qxc3 30. Rd1 Bb3 31. Rf1 Bc4 32. Rd1 Be2 0-1

[Event "25th Czech Open A 2014"]
[Site "Pardubice CZE"]
[Date "2014.07.26"]
[Round "9.62"]
[White "Schneider, Christian1"]
[Black "Sylvan, Jacob"]
[Result "1-0"]
[BlackTitle "FM"]
[WhiteElo "2220"]
[BlackElo "2356"]
[WhiteFideId "24613886"]
[BlackFideId "1402137"]
[EventDate "2014.07.18"]

1. e4 c5 2. Nf3 Nc6 3. d4 cxd4 4. Nxd4 Nf6 5. Nxc6 bxc6 6. Bd3 d5 7. e5 Ng4 8.
Qe2 g6 9. h3 Nh6 10. Nd2 Bg7 11. O-O O-O 12. Nf3 Bf5 13. Bxf5 Nxf5 14. g4 Nh6
15. Bg5 f6 16. exf6 exf6 17. Bxh6 Bxh6 18. Qe6+ Kh8 19. Qxc6 f5 20. g5 Rc8 21.
Qb5 Bxg5 22. Rad1 Bh6 23. Rxd5 Qf6 24. c3 Rb8 25. Qe2 Rfe8 26. Qc2 Re4 27. Rfd1
Bf8 28. Qd2 Ree8 29. b3 Bg7 30. c4 f4 31. Kg2 h6 32. Rd6 Qf7 33. Qd5 Qe7 34. Re1
Qf8 35. Rxe8 Qxe8 36. Nh4 g5 37. Ng6+ Kh7 38. Qf5 Kg8 39. Re6 Qf7 40. Ne7+ Kf8
41. Qd5 a5 42. Nf5 Re8 43. Nxg7 Kxg7 44. Qe5+ 1-0

[Event "25th Czech Open A 2014"]
[Site "Pardubice CZE"]
[Date "2014.07.26"]
[Round "9.63"]
[White "Schwarz, Dusan"]
[Black "Vogel, Roven"]
[Result "1-0"]
[WhiteElo "2352"]
[BlackElo "2257"]
[WhiteFideId "14903890"]
[BlackFideId "12908088"]
[EventDate "2014.07.18"]

1. d4 Nf6 2. c4 c5 3. d5 b5 4. cxb5 a6 5. e3 axb5 6. Bxb5 Qa5+ 7. Nc3 Ba6 8.
Bxa6 Qxa6 9. Nge2 g6 10. O-O Bg7 11. a4 d6 12. Nb5 Qb7 13. Nec3 O-O 14. e4 Na6
15. Bg5 h6 16. Bh4 Nc7 17. Qe2 Nh5 18. f4 Rfb8 19. Nxc7 Qxc7 20. Nb5 Qd7 21. Ra3
e6 22. dxe6 Qxe6 23. Nc7 Rxb2 24. Qf3 Bd4+ 25. Kh1 Qc8 26. Nxa8 Qxa8 27. f5 Ng7
28. fxg6 fxg6 29. Bf6 Rb4 30. Bxd4 cxd4 31. a5 Qa6 32. h3 Rb7 33. Qf8+ Kh7 34.
Rf7 Rxf7 35. Qxf7 Qc6 36. Qf3 Ne6 37. a6 Ng5 38. Qf1 Qc5 39. Rb3 Ne6 40. Rb7+
Ng7 41. Qf7 Qe5 42. Qxg7+ Qxg7 43. Rxg7+ Kh8 44. Rb7 1-0

[Event "25th Czech Open A 2014"]
[Site "Pardubice CZE"]
[Date "2014.07.26"]
[Round "9.64"]
[White "Hansen, Mads"]
[Black "Amerkeshev, Madiyar"]
[Result "1/2-1/2"]
[WhiteTitle "FM"]
[WhiteElo "2350"]
[BlackElo "2211"]
[WhiteFideId "1401610"]
[BlackFideId "13704222"]
[EventDate "2014.07.18"]

1. e4 e5 2. Nf3 Nc6 3. Bb5 Bc5 4. c3 Nf6 5. O-O O-O 6. d4 Bb6 7. Re1 exd4 8. e5
Nd5 9. cxd4 h6 10. Bc4 Nce7 11. Nc3 Nxc3 12. bxc3 d5 13. exd6 cxd6 14. Qe2 Qc7
15. Bb3 Ng6 16. Qd3 Kh8 17. h4 Bg4 18. Nh2 Qd7 19. Bc2 Bh5 20. Be3 f5 21. Nf1
Nxh4 22. Ng3 Bg6 23. f4 Rac8 24. d5 Qc7 25. Ne2 Rfe8 26. Bxb6 Qxb6+ 27. Nd4 Re4
28. Rab1 Qc5 29. Qg3 Rxe1+ 30. Qxe1 Qxc3 31. Qxc3 Rxc3 32. Rxb7 Rg3 33. Rb8+ Kh7
34. Ne6 Rxg2+ 35. Kf1 Bh5 36. Bxf5+ g6 37. Be4 Re2 38. Bd3 Rd2 39. Rb7+ Kg8 40.
Bb5 Rd1+ 41. Kf2 Rd2+ 42. Ke3 Rxa2 43. Be8 Nf5+ 44. Kd3 Ra3+ 45. Kc2 Ra2+ 46.
Kc3 Ra3+ 47. Kb4 Ra1 48. Bf7+ Kh7 49. Kc3 Ra3+ 50. Kb2 Ra6 51. Bxg6+ Kxg6 52.
Nf8+ Kf6 53. Nh7+ Kg6 54. Nf8+ 1/2-1/2

[Event "25th Czech Open A 2014"]
[Site "Pardubice CZE"]
[Date "2014.07.26"]
[Round "9.65"]
[White "Rozhkov, Viacheslav"]
[Black "Seidl, Stepan"]
[Result "1-0"]
[WhiteTitle "FM"]
[WhiteElo "2327"]
[BlackElo "2209"]
[WhiteFideId "4181484"]
[BlackFideId "338290"]
[EventDate "2014.07.18"]

1. e4 c5 2. Nf3 Nc6 3. d4 cxd4 4. Nxd4 g6 5. Nc3 Bg7 6. Be3 Nf6 7. Nxc6 bxc6 8.
e5 Ng8 9. f4 f6 10. e6 d6 11. f5 Qa5 12. Qf3 Rb8 13. Qxc6+ Kf8 14. O-O-O Bh6 15.
Bxh6+ Nxh6 16. fxg6 hxg6 17. Rxd6 Kg7 18. Rd5 Qb4 19. Rb5 Qf4+ 20. Kb1 Qe3 21.
Bc4 Rxb5 22. Nxb5 Nf5 23. g4 Nh4 24. Qc7 Kh6 25. Qxe7 Kg5 26. Nd6 Kxg4 27. Qxf6 1-0

[Event "25th Czech Open A 2014"]
[Site "Pardubice CZE"]
[Date "2014.07.26"]
[Round "9.66"]
[White "Semenova, Elena1"]
[Black "Tesik, Csaba"]
[Result "1/2-1/2"]
[WhiteTitle "WIM"]
[BlackTitle "FM"]
[WhiteElo "2215"]
[BlackElo "2324"]
[WhiteFideId "24125148"]
[BlackFideId "735582"]
[EventDate "2014.07.18"]

1. e4 c5 2. Nf3 e6 3. d4 cxd4 4. Nxd4 a6 5. Bd3 Nf6 6. O-O e5 7. Nb3 Nc6 8. Nc3
d6 9. f4 Be7 10. Nd5 exf4 11. Bxf4 Ng4 12. Be2 Nge5 13. Be3 O-O 14. Bb6 Qd7 15.
Nd4 Nxd4 16. Qxd4 Bg5 17. Rad1 Qc6 18. Nb4 Qa4 19. Qxd6 Bg4 20. Bxg4 Nxg4 21.
Rfe1 Rae8 22. c3 Ne5 23. Qd5 Re6 24. b3 Qa3 25. Bd4 Rfe8 26. Qxb7 Qb2 27. Bxe5
Rxe5 28. Nd3 Qxc3 29. Nxe5 Qxe5 30. Rd5 Qf6 31. Qd7 Rf8 32. Qf5 Qc3 33. Red1 h6
34. e5 Qc6 35. h3 Qb6+ 36. Kh2 Qe3 37. R1d4 Qe1 38. Rd1 Qe2 39. Rf1 Qxa2 40. e6
Qxb3 41. exf7+ Kh8 42. Qf3 Qxf3 43. Rxf3 Bf6 44. Rd7 Be5+ 45. Kg1 g6 46. Kf2 Kg7
47. Ke3 Bf6 48. Ke4 Rxf7 49. Rxf7+ Kxf7 50. Ra3 h5 51. Rxa6 Kg7 52. Kd5 Bb2 53.
Ke6 Bc3 54. Ra7+ Kg8 55. h4 Bb2 56. Rb7 Bc3 57. Rb3 Ba1 58. g4 hxg4 59. Rg3 Kg7
60. Rxg4 Kh6 61. Rg5 Bd4 62. Kf7 Bf2 63. Rxg6+ Kh5 64. Kf6 Kxh4 65. Kf5 Be3 66.
Rg4+ Kh3 67. Rc4 Kg3 68. Rc3 Kf3 69. Ra3 Kf2 70. Ke4 Bc5 71. Rf3+ Kg2 72. Kf4
Bf2 73. Kg4 Be1 74. Rf7 Bf2 75. Rb7 Bd4 76. Rc7 Kf2 77. Kf4 Be3+ 78. Ke4 Bb6 79.
Rf7+ Kg3 80. Rf3+ Kg2 81. Kf4 Bc7+ 82. Kg4 Bb6 83. Rb3 Bd4 84. Rd3 Bb6 85. Rd2+
Bf2 86. Ra2 Kg1 87. Kf3 Bc5 88. Rg2+ Kh1 89. Rc2 Ba7 90. Rc7 Bd4 91. Rd7 Bc5 92.
Kg3 Bb6 93. Rb7 Bc5 94. Rb1+ Bg1 95. Rb2 Bc5 96. Rh2+ Kg1 97. Rd2 Kh1 98. Rh2+
Kg1 99. Rc2 1/2-1/2

[Event "25th Czech Open A 2014"]
[Site "Pardubice CZE"]
[Date "2014.07.26"]
[Round "9.68"]
[White "Titan, Matej"]
[Black "Nemcova, Katerina"]
[Result "1/2-1/2"]
[BlackTitle "WGM"]
[WhiteElo "2202"]
[BlackElo "2314"]
[WhiteFideId "14608146"]
[BlackFideId "322750"]
[EventDate "2014.07.18"]

1. c4 Nf6 2. g3 e6 3. Bg2 d5 4. d4 Be7 5. Nf3 O-O 6. O-O dxc4 7. Qc2 a6 8. Qxc4
b5 9. Qc2 Bb7 10. Bd2 Bd6 11. Re1 Be4 12. Qc1 Nbd7 13. Ba5 Rc8 14. Nbd2 Ba8 15.
a3 Ne4 16. Nxe4 Bxe4 17. Qe3 Ba8 18. Rac1 Nb6 19. Bxb6 cxb6 20. Rxc8 Qxc8 21.
Rc1 Qb7 22. Ne1 Qd7 23. Bxa8 Rxa8 24. Qe4 Rb8 25. Qc6 Qxc6 26. Rxc6 Be7 27. Nd3
Kf8 28. Kf1 Ke8 29. e3 Kd7 30. Ne5+ Ke8 31. Ke2 f6 32. Nd3 Kd7 33. Rc1 a5 34. e4
Bd6 35. f4 f5 36. e5 Be7 37. h3 h5 38. h4 Rc8 39. Rxc8 Kxc8 40. Ne1 Kd7 41. Nc2
Kc6 42. Kd3 g6 43. b3 Kd5 44. Ne3+ Kc6 45. Nc2 Kd5 46. Ne3+ Kc6 47. Nc2 1/2-1/2

[Event "25th Czech Open A 2014"]
[Site "Pardubice CZE"]
[Date "2014.07.26"]
[Round "9.69"]
[White "Kutynec, Vladimir"]
[Black "Karasek, Lukas"]
[Result "1-0"]
[WhiteTitle "IM"]
[WhiteElo "2305"]
[BlackElo "2199"]
[WhiteFideId "4119843"]
[BlackFideId "325031"]
[EventDate "2014.07.18"]

1. Nf3 Nf6 2. c4 e6 3. g3 Be7 4. Bg2 O-O 5. O-O d5 6. d4 dxc4 7. Na3 Bxa3 8.
bxa3 Bd7 9. a4 Bc6 10. Ba3 Re8 11. Rc1 Nbd7 12. Rxc4 Bd5 13. Rc1 Rc8 14. Qc2 c6
15. Rfd1 Qa5 16. Nd2 Bxg2 17. Nc4 Qd5 18. Ne3 Be4 19. Nxd5 Bxc2 20. Nxf6+ Nxf6
21. Rxc2 Red8 22. a5 Rd5 23. Bc5 Ne4 24. Rb1 Nxc5 25. dxc5 Rd7 26. Rcb2 Rd5 27.
Rxb7 Rxc5 28. Rxa7 Rc2 29. Rc7 1-0